Moisture sensitivity : (Record no. 1553)

000 -LEADER
fixed length control field 00580 a2200169 4500
020 ## - INTERNATIONAL STANDARD BOOK NUMBER
International Standard Book Number 1934154008
020 ## - INTERNATIONAL STANDARD BOOK NUMBER
International Standard Book Number 9781934154007
082 ## - DEWEY DECIMAL CLASSIFICATION NUMBER
Classification number 625.85 ASP
082 04 - DEWEY DECIMAL CLASSIFICATION NUMBER
Classification number 625.85
Author Mark ASP
245 ## - TITLE STATEMENT
Title Moisture sensitivity :
Remainder of title best practices to minimize moisture sensitivity in asphalt mixtures.
250 ## - EDITION STATEMENT
Edition statement 1st ed.
260 ## - PUBLICATION, DISTRIBUTION, ETC.
Place of publication, distribution, etc. [Lexington, Ky.] :
Name of publisher, distributor, etc. Asphalt Institute,
Date of publication, distribution, etc. 2007.
300 ## - PHYSICAL DESCRIPTION
Extent vi, 42 p. :
Other physical details ill., map ;
Dimensions 23 cm.
650 ## - SUBJECT ADDED ENTRY--TOPICAL TERM
Topical term or geographic name entry element Pavements, Asphalt concrete
General subdivision Testing.
650 ## - SUBJECT ADDED ENTRY--TOPICAL TERM
Topical term or geographic name entry element Asphalt concrete
General subdivision Moisture.
650 ## - SUBJECT ADDED ENTRY--TOPICAL TERM
Topical term or geographic name entry element Bituminous materials
General subdivision Moisture.
830 #0 - SERIES ADDED ENTRY--UNIFORM TITLE
Uniform title Manual series (Asphalt Institute) ;
Holdings
Withdrawn status Lost status Damaged status Not for loan Permanent Location Current Location Shelving location Date acquired Total Checkouts Full call number Barcode Date last seen Price effective from Koha item type
        School of Civil and Environmental Engineering (SCEE) School of Civil and Environmental Engineering (SCEE)       625.85 ASP NIT-2454 01/05/2017 01/05/2017 Book
        School of Civil and Environmental Engineering (SCEE) School of Civil and Environmental Engineering (SCEE)         NIT-2456 01/05/2017 01/05/2017 Book
        School of Civil and Environmental Engineering (SCEE) School of Civil and Environmental Engineering (SCEE)         NIT-2455 01/05/2017 01/05/2017 Book
© 2023 Central Library, National University of Sciences and Technology. All Rights Reserved.